000
00314nam a2200121Ia 4500
005
20251222152612.0
008
251222s9999||||xx |||||||||||||| ||spa||
020
_a
8439813899
082
_a
340.9/G63
100
_a
Gonzales Campos, Julio D.
245
0
_a
Derecho Internacional Privado: Parte Especial
942
_c
LIB
999
_c
27016
_d
27016